| 000 | 00522cam a2200193 4500 | ||
|---|---|---|---|
| 001 | D6855 | ||
| 008 | 090401t1974 xxu||||| |||| 00| 0 eng d | ||
| 035 | _a(Sirsi) u3605 | ||
| 041 | _aeng | ||
| 050 | _a693.509411 | ||
| 100 | _aMacIntosh, R.H. | ||
| 245 | 4 | _aThe no-fines story | |
| 260 |
_aEdinburgh _bScottish Special Housing Association _c1974 |
||
| 300 | _a26p. illus. 21cm | ||
| 350 | _a0 | ||
| 520 | _aDiscusses suitability of no-fines concrete house building in Scotland | ||
| 942 | _n0 | ||
| 948 | _c04/03/1997 | ||
| 999 |
_c85908 _d85908 |
||